000 00286 a2200121 4500
001 146969
040 _cEscola São Tomás de Aquino
100 _aMACHADO, Ana Maria
240 1 0 _aA minhoca da sorte
_lpor
245 1 0 _aA minhoca da sorte
697 _a*LITERATURA INFANTO
942 _cBK
999 _c146969
_d146969